Nominations for the Ballon D’or 2025 - Statistics

General Stats
  • This quiz has been taken 50 times
  • The average score is 25 of 30
Answer Stats
Team Country Player % Correct
Real Madrid England 🏴󠁧󠁢󠁥󠁮󠁧󠁿 Bellingham
98%
PSG/Manchester City Italy 🇮🇹 Donnarumma
93%
Manchester City Norway 🇳🇴 Haaland
93%
Bayern Munich England 🏴󠁧󠁢󠁥󠁮󠁧󠁿 Kane
93%
Barcelona Poland 🇵🇱 Lewandowski
93%
Real Madrid France 🇫🇷 Mbappe
93%
PSG France 🇫🇷 Dembele
91%
PSG Morocco 🇲🇦 Hakimi
91%
Liverpool Egypt 🇪🇬 Salah
91%
Inter Milan Argentina 🇦🇷 Martinez
89%
Sporting/Arsenal Sweden 🇸🇪 Gyokeres
87%
Chelsea England 🏴󠁧󠁢󠁥󠁮󠁧󠁿 Palmer
87%
Liverpool Netherlands 🇳🇱 Van dijk
87%
Liverpool Argentina 🇦🇷 Mac Allister
85%
Bayer Leverkusen/Liverpool Germany 🇩🇪 Wirtz
85%
Barcelona Spain 🇪🇸 Yamal
85%
PSG France 🇫🇷 Doue
83%
Bayern Munich France 🇫🇷 Olise
83%
Barcelona Brazil 🇧🇷 Raphinha
83%
Napoli Scotland 🏴󠁧󠁢󠁳󠁣󠁴󠁿 Mctominay
80%
Borussia Dortmund Guinea 🇬🇳 Guirassy
78%
Inter Milan Netherlands 🇳🇱 Dumfries
76%
PSG Georgia 🇬🇪 Kvaratskhelia
74%
Barcelona Spain 🇪🇸 Pedri
74%
Arsenal England 🏴󠁧󠁢󠁥󠁮󠁧󠁿 Rice
72%
PSG Portugal 🇵🇹 Vitinha
72%
PSG Spain 🇪🇸 Ruiz
70%
PSG Portugal 🇵🇹 Mendes
67%
PSG Portugal 🇵🇹 Neves
61%
Real Madrid Brazil 🇧🇷 Vini Jr
39%
No matching quizzes found
Score Distribution
Percent of People with Each Score
Percentile by Number Answered
Your Score History
You have not taken this quiz